[Event "ECU-chT U20 Girls"]
[Site "Carpuela"]
[Date "2014.05.05"]
[Round "6.2"]
[White "Medina Guato, Maria Jose"]
[Black "Gomez Rodriguez, Gabriela"]
[Result "0-1"]
[WhiteElo "1657"]
[BlackElo "1587"]
[PlyCount "61"]
[EventDate "2014.05.03"]
[EventType "team-swiss"]
[EventRounds "7"]
[EventCountry "ECU"]
[SourceTitle "CBM 160 Extra"]
[Source "ChessBase"]
[SourceDate "2014.07.01"]
[SourceVersion "1"]
[SourceVersionDate "2014.07.01"]
[SourceQuality "1"]
[WhiteTeam "Napo (W)"]
[BlackTeam "Santa Elena (W)"]
[WhiteTeamCountry "ECU"]
[BlackTeamCountry "ECU"]

1. d4 Nf6 2. c4 g6 3. Nc3 Bg7 4. Bg5 0-0 5. Nf3 d6 6. e3 Nbd7 7. Bd3 e5 8. 0-0 a6 9. Re1 c6 10. Bc2 h6 11. Bh4 Qc7 12. h3 Nb6 13. b3 Be6 14. Rc1 Rfe8 15. Nd2 exd4 16. exd4 d5 17. c5 Nc8 18. Bg3 Qa5 19. Bb1 Nh5 20. Nf3 Nxg3 21. fxg3 Qc7 22. Kh2 Ne7 23. Ne5 Bf5 24. Qf3 Bxe5 25. Rxe5 Bxb1 26. Rxb1 Nf5 27. Rbe1 Rxe5 28. dxe5 Re8 29. Qf1 Kg7 30. g4 Nh4 31. Qf4 0-1